| 000 -LEADER |
| fixed length control field |
00479cam a22001457a 4500 |
| 008 - FIXED-LENGTH DATA ELEMENTS--GENERAL INFORMATION |
| fixed length control field |
180718b1974 xxu||||| |||| 00| 0 eng d |
| 082 ## - DEWEY DECIMAL CLASSIFICATION NUMBER |
| Classification number |
L Sm86 |
| 245 ## - TITLE STATEMENT |
| Title |
Public finance and stabilization policy: essays in honor of Richard A. Masgrave |
| Statement of responsibility, etc. |
edited by Warren L. Smith and John M. Culbertson |
| 260 ## - PUBLICATION, DISTRIBUTION, ETC. |
| Place of publication, distribution, etc. |
Amsterdam |
| Name of publisher, distributor, etc. |
Noth-Holland |
| Date of publication, distribution, etc. |
1974 |
| 300 ## - PHYSICAL DESCRIPTION |
| Extent |
368p. |
| 650 ## - SUBJECT ADDED ENTRY--TOPICAL TERM |
| Topical term or geographic name entry element |
Economic policy |
| 650 ## - SUBJECT ADDED ENTRY--TOPICAL TERM |
| Topical term or geographic name entry element |
Finance, Public |
| 700 ## - ADDED ENTRY--PERSONAL NAME |
| Personal name |
Culbertson, Cohn M. |
| 700 ## - ADDED ENTRY--PERSONAL NAME |
| Personal name |
Smith, Warren L. |